Ο οικολογικός τουρισμός στην Ελλάδα : πτυχιακή εργασία

Αποθηκεύτηκε σε:
Λεπτομέρειες βιβλιογραφικής εγγραφής
Κύριος συγγραφέας: Ράπτη, Αιμιλία
Άλλοι συγγραφείς: Χρήστου, Ευάγγελος Σ. (Εισηγητής διατριβής)
Μορφή: Thesis Βιβλίο
Γλώσσα:Greek
Δημοσίευση: Χίος : Πανεπιστήμιο Αιγαίου, Τμήμα Διοίκησης Επιχειρήσεων, 2010
Θέματα:
Διαθέσιμο Online:http://hdl.handle.net/11610/6911
Ετικέτες: Προσθήκη ετικέτας
Δεν υπάρχουν, Καταχωρήστε ετικέτα πρώτοι!

MARC

LEADER 00000cam a2200000 i 4500
001 1/18029
008 120221s2010 gre d
035 |l 10111927 
040 |a GR-MY-UA  |b gre  |e aacr 
041 0 |a gre 
082 0 |a 338.4791495  |2 (22) 
100 1 |a Ράπτη, Αιμιλία. 
245 1 2 |a Ο οικολογικός τουρισμός στην Ελλάδα :  |b πτυχιακή εργασία /  |c Αιμιλία Ράπτη ; επιβλέπων καθηγητής Ευάγγελος Χρήστου 
260 |a Χίος :   |b Πανεπιστήμιο Αιγαίου, Τμήμα Διοίκησης Επιχειρήσεων,   |c 2010 
300 |a 86 σ.;  |b πίν.;  |c 30 εκ. 
502 |a Πτυχιακή εργασία – Πανεπιστήμιο Αιγαίου, Χίος, 2010. 
504 |a Βιβλιογραφία: σ.84-86 
650 0 0 |a Ecotourism  |z Canada. 
650 0 0 |a Tourism  |z Greece. 
650 0 0 |a Dissertations, Academic  |z Greece. 
700 1 |4 ths  |a Χρήστου, Ευάγγελος Σ. 
852 |a INST  |b CHIOS  |c DIATR  |e 20120221  |h 338.4791495 ΡΑΠ  |p 005200031498  |q 005200031498  |t DIE  |y 23 
852 |a INST  |b CHIOS  |c DIATR  |e 20120221  |h 338.4791495 ΡΑΠ  |p 005200031500  |q 005200031500  |t DIE  |y 23 
856 |u http://hdl.handle.net/11610/6911 
901 |a BIBL2-2012-1 
909 |a Χ  |b 145645 
909 |a Χ  |b 145646 
924 |a ΡΑΠΤΗ  |b ΑΙΜΙΛΙΑ  |y ΧΙΟΣ  |z 2010-12 
970 |a ΣΠΕΝΤΖΑ  |b ΕΛΕΝΗ  |z 2012/02/21